Biggest Cities in Jharkhand - Statistics

General Stats
  • This quiz has been taken 23 times
  • The average score is 5 of 10
Answer Stats
Population City % Correct
1,120,374 Ranchi
100%
1,339,438 Jamshedpur
85%
564,319 Bokaro
70%
1,196,214 Dhanbad
55%
153,595 Hazaribagh
45%
203,123 Deoghar
40%
143,630 Giridih
20%
120,325 Medininagar
20%
132,425 Ramgarh
20%
185,555 Phusro
0%
No matching quizzes found
Score Distribution
Percent of People with Each Score
Percentile by Number Answered
Your Score History
You have not taken this quiz